[Event "SRB Central-ch op-A 7th"]
[Site "Paracin"]
[Date "2014.07.08"]
[Round "5"]
[White "Drogovoz, Irina"]
[Black "Persson, Richard"]
[Result "1/2-1/2"]
[WhiteElo "2073"]
[BlackElo "2192"]
[PlyCount "71"]
[EventDate "2014.07.04"]
[EventType "swiss"]
[EventRounds "9"]
[EventCountry "SRB"]
[SourceTitle "CBM 161 Extra"]
[Source "ChessBase"]
[SourceDate "2014.08.29"]
[SourceVersion "1"]
[SourceVersionDate "2014.08.29"]
[SourceQuality "1"]

1. d4 d5 2. Nf3 Bf5 3. c4 e6 4. Nc3 Nc6 5. Bf4 Bd6 6. Bxd6 Qxd6 7. e3 Nf6 8. c5 Qe7 9. Bb5 0-0 10. Bxc6 bxc6 11. Ne5 Ne4 12. Nxe4 f6 13. Nxc6 Qe8 14. Nxf6+ gxf6 15. Na5 Kh8 16. 0-0 Rg8 17. f3 Qh5 18. Rf2 Rg6 19. Kh1 Rag8 20. Nc6 Qh4 21. Qe1 R8g7 22. Nxa7 Rh6 23. g4 Rxg4 24. Qe2 Rg5 25. Nc6 Bh3 26. a4 Rhg6 27. a5 Qh6 28. Ne7 Rg7 29. a6 Bg2+ 30. Rxg2 Rxg2 31. Qxg2 Rxg2 32. Kxg2 Qg5+ 33. Kf2 Qh4+ 34. Kg1 Qg5+ 35. Kf2 Qh4+ 36. Kg1 1/2-1/2

[Event "SRB Central-ch op-A 7th"]
[Site "Paracin"]
[Date "2014.07.07"]
[Round "4"]
[White "Persson, Richard"]
[Black "Brkic, Toma"]
[Result "1-0"]
[WhiteElo "2192"]
[BlackElo "2111"]
[PlyCount "63"]
[EventDate "2014.07.04"]
[EventType "swiss"]
[EventRounds "9"]
[EventCountry "SRB"]
[SourceTitle "CBM 161 Extra"]
[Source "ChessBase"]
[SourceDate "2014.08.29"]
[SourceVersion "1"]
[SourceVersionDate "2014.08.29"]
[SourceQuality "1"]

1. e4 c5 2. Nf3 e6 3. b3 d5 4. exd5 exd5 5. Bb5+ Bd7 6. Qe2+ Qe7 7. 0-0 Qxe2 8. Bxe2 Bd6 9. d4 b6 10. Nc3 Ne7 11. Nb5 Bxb5 12. Bxb5+ Kf8 13. dxc5 bxc5 14. Rd1 Bc7 15. a4 a6 16. Bf1 Nbc6 17. Ba3 Bb6 18. g3 f6 19. Bg2 Kf7 20. h4 Rhd8 21. c3 a5 22. Ne1 Rab8 23. Rab1 Ba7 24. Nd3 c4 25. bxc4 dxc4 26. Nc5 Ne5 27. Bf1 Nd5 28. Rxb8 Bxb8 29. f4 Nc6 30. Bxc4 Nce7 31. Nb7 Rd7 32. Bxe7 1-0

[Event "SRB Central-ch op-A 7th"]
[Site "Paracin"]
[Date "2014.07.05"]
[Round "2"]
[White "Persson, Richard"]
[Black "Drogovoz, Maria"]
[Result "1/2-1/2"]
[WhiteElo "2192"]
[BlackElo "1952"]
[PlyCount "176"]
[EventDate "2014.07.04"]
[EventType "swiss"]
[EventRounds "9"]
[EventCountry "SRB"]
[SourceTitle "CBM 161 Extra"]
[Source "ChessBase"]
[SourceDate "2014.08.29"]
[SourceVersion "1"]
[SourceVersionDate "2014.08.29"]
[SourceQuality "1"]

1. e4 c5 2. Nf3 d6 3. Bb5+ Nd7 4. 0-0 a6 5. Bd3 g6 6. c3 Bg7 7. Bc2 e5 8. a4 Ne7 9. Na3 0-0 10. Nc4 Nb6 11. d3 h6 12. Nxb6 Qxb6 13. Nd2 d5 14. exd5 Nxd5 15. Nc4 Qc7 16. Re1 Bd7 17. a5 Rad8 18. Bd2 Bc6 19. g3 Rfe8 20. Qg4 Kh7 21. Qe2 f5 22. Qf1 Nf6 23. Re2 Bf3 24. Re3 Bc6 25. Re2 Bf3 26. Re3 Bc6 27. Rae1 Ng4 28. R3e2 Bf3 29. h3 Bxe2 30. Qxe2 Nf6 31. Ba4 Re7 32. Qf1 Nd5 33. h4 b5 34. axb6 Nxb6 35. Bb3 Red7 36. Bc1 Rxd3 37. Bc2 R3d7 38. h5 Nxc4 39. hxg6+ Kxg6 40. Qxc4 e4 41. Qe6+ Bf6 42. Bf4 Qc8 43. g4 Rg7 44. Rxe4 Qxe6 45. Rxe6 Kf7 46. Bxf5 h5 47. f3 a5 48. Ra6 hxg4 49. fxg4 Be7 50. Rxa5 Rdg8 51. Kf2 Rxg4 52. Bxg4 Rxg4 53. Kf3 Rg8 54. Ke4 Rg2 55. Rb5 Rg4 56. Ke3 Rh4 57. Rb7 Rh3+ 58. Ke4 Ke6 59. Rb6+ Kd7 60. Be5 Rh1 61. Kd5 Rd1+ 62. Kc4 Re1 63. Bg3 Rg1 64. Bh2 Rg2 65. Be5 Re2 66. Bb8 Rg2 67. Ba7 Rg4+ 68. Kb5 Rg2 69. Rb7+ Kd8 70. Bb6+ Ke8 71. b3 Rg3 72. Ba5 Rh3 73. Ka4 Rh4+ 74. c4 Rh1 75. Bc3 Rh2 76. Kb5 Rh3 77. Be5 Rxb3+ 78. Kc6 Rxb7 79. Kxb7 Kd7 80. Kb6 Kc8 81. Kc6 Bh4 82. Kxc5 Bf2+ 83. Kc6 Be3 84. Bc7 Bd4 85. Bb6 Be5 86. Kd5 Bf4 87. Kc6 Be5 88. Ba7 Bf4 1/2-1/2

[Event "Malmo op"]
[Site "Malmo"]
[Date "2013.12.15"]
[Round "7"]
[White "Ask, Josef"]
[Black "Persson, Richard"]
[Result "1/2-1/2"]
[WhiteElo "2209"]
[BlackElo "2174"]
[PlyCount "42"]
[EventDate "2013.12.13"]
[EventType "swiss"]
[EventRounds "7"]
[EventCountry "SWE"]
[SourceTitle "CBM 157 Extra"]
[Source "ChessBase"]
[SourceDate "2013.12.19"]
[SourceVersion "1"]
[SourceVersionDate "2013.12.19"]
[SourceQuality "1"]

1. e4 d5 2. exd5 Qxd5 3. Nc3 Qd6 4. d4 Nf6 5. Nf3 c6 6. Bc4 Bg4 7. Be3 e6 8. h3 Bh5 9. g4 Bg6 10. Ne5 Nbd7 11. Nxg6 hxg6 12. Qf3 Qc7 13. 0-0-0 Nb6 14. Bb3 0-0-0 15. Bf4 Bd6 16. Bg5 Be7 17. Rhe1 Nh7 18. Bf4 Qxf4+ 19. Qxf4 Bg5 20. Qe3 Bxe3+ 21. Rxe3 Nd5 1/2-1/2

[Event "Malmo op"]
[Site "Malmo"]
[Date "2013.12.14"]
[Round "4"]
[White "Kockum, Anton Frisk"]
[Black "Persson, Richard"]
[Result "1-0"]
[WhiteElo "2359"]
[BlackElo "2174"]
[PlyCount "23"]
[EventDate "2013.12.13"]
[EventType "swiss"]
[EventRounds "7"]
[EventCountry "SWE"]
[SourceTitle "CBM 157 Extra"]
[Source "ChessBase"]
[SourceDate "2013.12.19"]
[SourceVersion "1"]
[SourceVersionDate "2013.12.19"]
[SourceQuality "1"]

1. e4 d5 2. exd5 Qxd5 3. Nc3 Qd6 4. d4 Nf6 5. Bd3 c6 6. Nge2 Bg4 7. f3 Bh5 8. Bf4 Qd8 9. Qd2 e6 10. 0-0-0 Nd5 11. Nxd5 cxd5 12. Bxb8 1-0

[Event "SRB Central-ch op-A 6th"]
[Site "Paracin"]
[Date "2013.07.10"]
[Round "7"]
[White "Tadic, Katarina"]
[Black "Persson, Richard"]
[Result "0-1"]
[WhiteElo "2069"]
[BlackElo "2175"]
[PlyCount "68"]
[EventDate "2013.07.05"]
[EventType "swiss"]
[EventRounds "9"]
[EventCountry "SRB"]
[SourceTitle "CBM 155 Extra"]
[Source "ChessBase"]
[SourceDate "2013.08.26"]
[SourceVersion "1"]
[SourceVersionDate "2013.08.26"]
[SourceQuality "1"]

1. Nf3 e6 2. c4 c5 3. g3 b6 4. Bg2 Bb7 5. 0-0 Nf6 6. Nc3 Be7 7. d4 cxd4 8. Qxd4 d6 9. Rd1 a6 10. Be3 Nbd7 11. Rac1 0-0 12. Bg5 Rc8 13. b3 h6 14. Be3 Qc7 15. Qd2 Rfd8 16. h3 Qb8 17. Bf4 Ne5 18. Ne1 Ng6 19. Be3 b5 20. Bxb7 Qxb7 21. cxb5 axb5 22. a4 bxa4 23. bxa4 Ne5 24. Qa2 Nc4 25. Rb1 Qa8 26. Bc1 d5 27. Nb5 Ne4 28. Nd3 Qa5 29. Qb3 Ra8 30. Ra1 Bf6 31. Ra2 Rdb8 32. Nb4 Nc5 33. Qb1 Nxa4 34. Bf4 Rxb5 0-1